|
|
|
|
| LEADER |
00000nam a2200000 a 4500 |
| 001 |
4172 |
| 005 |
20230308184011.0 |
| 008 |
012112|2011 ||||||||r|||||||||||spa|| |
| 020 |
|
|
|a 9786123040277
|
| 040 |
|
|
|b spa
|
| 041 |
1 |
|
|a spa
|
| 082 |
0 |
|
|a 310
|
| 100 |
1 |
|
|9 108910
|a García Oré, Celestino
|
| 245 |
0 |
0 |
|a Estadística descriptiva y probabilidades para ingenieros
|c Celestino García Oré
|h imp
|
| 264 |
|
|
|a Lima
|b Empresa Editora Macro
|c 2011
|
| 300 |
|
|
|a 269 páginas:
|b gra
|c 24 cm
|
| 504 |
|
|
|a incl. ref.
|
| 520 |
3 |
|
|a La estadística es un método científico requerido en todo trabajo de investigación; nos enseña a recolectar, describir y analizar adecuadamente los datos económicos, políticos, sociales, psicológicos, biológicos y físicos con el propósito de enmendar errores
|
| 650 |
|
0 |
|a Estadística descriptiva
|9 11989
|
| 650 |
|
0 |
|a Estadística
|9 7865
|
| 852 |
|
|
|a UC-YANUNCAY
|c SALA 1 AGROPECUARIAS
|f Compra
|k bcabrera
|l 1
|m General
|p 20121121
|q 19,74
|r 2
|t 4172
|b 0
|d CDRY
|e CDRY
|g 310 SALA 1 AGROPECUARIAS
|z 2012-21-12
|
| 942 |
|
|
|c BK
|
| 999 |
|
|
|c 64946
|d 64946
|